01019nam a2200241 a 450000100060000000300090000600800410001502000150005604000280007108200140009910000550011324500420016825000060021026000310021630000110024750502010025859000640045965000240052365000400054794200120058799900170059995201610061619443CO-ViMGA141112s2004 ck r 000 u spa d a9701504291 aCO-ViMGAbspacCO-ViMGA04a721 S675p1 aSolminihac, Hernán de; Thenoux, Guillermo92799910aProcesos y tecnicas de construcción a2 aMexico : bAlfaomega; 2002 a387 p. aConstrucciones de albañileria o mamposteria Contruccion en hormigón Construcciones en acero Construcciones en madera Componentes de la construcción : techumbres, instalaciones, terminaciones aForma de adquisición : Proyecto 2005 - - Precio : 54.00014aCONSTRUCCION95224014aINDUSTRIA DE LA CONSTRUCCION913390 2ddccBK c28588d28588 00102ddc40708002aMEVIECARbMEVIECARd2015-12-04hVolumen. 1 | 11/jun/2009l1o721 S675p p19443r2018-04-25 00:00:00s2018-03-12tEj. 1w2015-12-04yBK